| 000 | 00462nam a2200157Ia 4500 | ||
|---|---|---|---|
| 008 | 220216s9999 xx 000 0 und d | ||
| 100 | _aSaraswathyamma C.K. | ||
| 245 | 0 | _aPalynological studies on diploid and tetraploid clones of Hevea brasiliensis (Willd ex Adr. de Juss.) Muell Arg. | |
| 260 |
_bPhytomorphology _c1992 |
||
| 300 | _a225-229 | ||
| 650 | _aDiploid | ||
| 650 | _aPalynology | ||
| 650 | _aTetraploid | ||
| 700 | _aSethuraj M.R. | ||
| 942 | _cBS | ||
| 999 |
_c49149 _d49149 |
||